[Event "Titled Tuesday intern op 05th Sep Early"]
[Site "Chess.com INT"]
[Date "2023.09.05"]
[Round "3"]
[White "Aakanksha, Hagawane"]
[Black "Guzman Lozano, Campo Elias"]
[Result "1-0"]
[WhiteElo "2149"]
[BlackElo "1837"]
[PlyCount "77"]
[EventDate "2023.09.05"]
[EventType "swiss (blitz)"]
[EventRounds "11"]
[EventCountry "USA"]
[SourceTitle "EXT 2024"]
[Source "ChessBase"]
[SourceDate "2023.10.10"]
[SourceVersion "1"]
[SourceVersionDate "2023.10.10"]
[SourceQuality "1"]

1. e4 c5 2. Nf3 Nc6 3. d4 cxd4 4. Nxd4 e5 5. Nb5 a6 6. Nd6+ Bxd6 7. Qxd6 Qe7 8. Qd1 Nf6 9. Nc3 h6 10. Be2 d6 11. Be3 Be6 12. 0-0 Rd8 13. Bb6 Rd7 14. f4 exf4 15. Rxf4 0-0 16. Bd3 Rc8 17. Qe1 Ne5 18. Bd4 Bc4 19. Qe2 b5 20. a3 Qe6 21. Raf1 Bxd3 22. cxd3 Nh7 23. Nd5 f6 24. Nb6 Rcc7 25. Nxd7 Qxd7 26. Rd1 Ng5 27. Rff1 Ne6 28. Be3 Nf7 29. d4 Rc4 30. Qg4 d5 31. Rxf6 Nc5 32. Qxd7 Nxd7 33. Rxa6 dxe4 34. Rf1 Nd6 35. Rxd6 Nb6 36. Rd8+ Kh7 37. h4 Rc6 38. h5 Nd5 39. Rxd5 1-0

[Event "Titled Tuesday intern op 18th Jul Early"]
[Site "Chess.com INT"]
[Date "2023.07.18"]
[Round "2"]
[White "Vila Dupla, Aurelio"]
[Black "Aakanksha, Hagawane"]
[Result "0-1"]
[WhiteElo "2030"]
[BlackElo "2149"]
[PlyCount "58"]
[EventDate "2023.07.18"]
[EventType "swiss (blitz)"]
[EventRounds "11"]
[EventCountry "USA"]
[SourceTitle "EXT 2024"]
[Source "ChessBase"]
[SourceDate "2023.10.10"]
[SourceVersion "1"]
[SourceVersionDate "2023.10.10"]
[SourceQuality "1"]

1. Nf3 Nf6 2. d4 e6 3. g3 b6 4. Bg2 Bb7 5. 0-0 c5 6. c4 d5 7. Nc3 Be7 8. cxd5 exd5 9. b3 0-0 10. Bb2 Nc6 11. Re1 Re8 12. e3 Qd7 13. Ne5 Qe6 14. Rc1 Rad8 15. Nb5 Qf5 16. Nxc6 Bxc6 17. Nxa7 Bb7 18. Nb5 Ng4 19. Qf3 Qg6 20. h3 Nf6 21. Qe2 Ne4 22. Red1 h5 23. h4 Bf6 24. dxc5 bxc5 25. Bxf6 Qxf6 26. Rf1 Ba6 27. a4 Qb6 28. Qc2 f5 29. Qc3 Nxc3 0-1

[Event "Titled Tuesday intern op 16th May Early"]
[Site "Chess.com INT"]
[Date "2023.05.16"]
[Round "8"]
[White "Aakanksha, Hagawane"]
[Black "Labussiere, Yago"]
[Result "1-0"]
[WhiteElo "2149"]
[BlackElo "2222"]
[PlyCount "103"]
[EventDate "2023.05.16"]
[EventType "swiss (blitz)"]
[EventRounds "11"]
[EventCountry "USA"]
[SourceTitle "CBM 214 Extra"]
[Source "ChessBase"]
[SourceDate "2023.07.31"]
[SourceVersion "1"]
[SourceVersionDate "2023.07.31"]
[SourceQuality "1"]

1. e4 c5 2. Nf3 Nc6 3. d4 cxd4 4. Nxd4 Nf6 5. Nc3 d6 6. Be3 Ng4 7. Nxc6 bxc6 8. Qd2 Nxe3 9. Qxe3 g6 10. Qd4 e5 11. Qc4 Qb6 12. 0-0-0 Be6 13. Qa4 Rb8 14. b3 Ke7 15. Kb1 Bg7 16. Bc4 Rhc8 17. f3 Bh6 18. Bxe6 fxe6 19. Qa3 Rd8 20. Rd3 Be3 21. Rhd1 Bc5 22. Qc1 Kf7 23. Na4 Qa5 24. Nxc5 Qxc5 25. Qh6 Kg8 26. Qh3 Kf7 27. Qxh7+ Kf6 28. Qh4+ Kf7 29. f4 Rh8 30. Qg3 Rb7 31. fxe5 dxe5 32. Rd7+ Rxd7 33. Rxd7+ Ke8 34. Rb7 Qg1+ 35. Kb2 Qd4+ 36. Kc1 Qg1+ 37. Kd2 Qd4+ 38. Qd3 Rxh2 39. Qxd4 Rxg2+ 40. Kd3 exd4 41. Kxd4 Rxc2 42. Ke5 Rxa2 43. Kxe6 Kd8 44. e5 a5 45. Kf6 Rf2+ 46. Kxg6 Re2 47. Kf6 Rf2+ 48. Ke6 Re2 49. Kd6 Kc8 50. Ra7 Rd2+ 51. Kxc6 Rd3 52. Ra8# 1-0

[Event "Titled Tuesday intern op 16th May Early"]
[Site "Chess.com INT"]
[Date "2023.05.16"]
[Round "10"]
[White "Aakanksha, Hagawane"]
[Black "Lesbekova, Asel"]
[Result "0-1"]
[WhiteElo "2149"]
[BlackElo "1772"]
[PlyCount "100"]
[EventDate "2023.05.16"]
[EventType "swiss (blitz)"]
[EventRounds "11"]
[EventCountry "USA"]
[SourceTitle "CBM 214 Extra"]
[Source "ChessBase"]
[SourceDate "2023.07.31"]
[SourceVersion "1"]
[SourceVersionDate "2023.07.31"]
[SourceQuality "1"]

1. e4 c5 2. Nf3 Nc6 3. d4 cxd4 4. Nxd4 e5 5. Nb5 d6 6. c4 Be7 7. N1c3 a6 8. Na3 Be6 9. Be3 Rc8 10. Rc1 Nf6 11. Be2 0-0 12. 0-0 Nd7 13. Nc2 Kh8 14. b3 f5 15. f4 exf4 16. Bxf4 Nde5 17. Ne3 fxe4 18. Nxe4 Qb6 19. Qd2 Qd4 20. Qxd4 Nxd4 21. Bd1 Nd3 22. Bxd6 Nxc1 23. Bxe7 Nce2+ 24. Kh1 Rxf1+ 25. Nxf1 Re8 26. Bc5 Bg8 27. Nd6 Rf8 28. Ne3 Rf6 29. h3 b6 30. Ba3 Nc3 31. Bg4 Nb1 32. Bb4 a5 33. Ne4 Rf4 34. Bc3 Rxe4 35. Bxd4 Rxd4 36. Nf5 Rd8 37. Ne7 Re8 38. Nc6 Nc3 39. a3 Nb1 40. a4 Nd2 41. Nd4 Rd8 42. Nc6 Rf8 43. Nd4 g6 44. Kg1 Kg7 45. Be2 Ne4 46. Bf3 Nc5 47. Bc6 Kf6 48. Bf3 Ke5 49. Nc6+ Kf4 50. Nd4 Ke3 0-1

[Event "Titled Tuesday intern op 16th May Early"]
[Site "Chess.com INT"]
[Date "2023.05.16"]
[Round "7"]
[White "Arabidze, Meri"]
[Black "Aakanksha, Hagawane"]
[Result "1-0"]
[WhiteElo "2441"]
[BlackElo "2149"]
[PlyCount "113"]
[EventDate "2023.05.16"]
[EventType "swiss (blitz)"]
[EventRounds "11"]
[EventCountry "USA"]
[SourceTitle "CBM 214 Extra"]
[Source "ChessBase"]
[SourceDate "2023.07.31"]
[SourceVersion "1"]
[SourceVersionDate "2023.07.31"]
[SourceQuality "1"]

1. Nf3 Nf6 2. g3 d5 3. Bg2 c6 4. 0-0 g6 5. c4 Bg7 6. d4 0-0 7. cxd5 cxd5 8. Nc3 Nc6 9. Ne5 Bf5 10. Nxc6 bxc6 11. Bf4 Qd7 12. Rc1 Nh5 13. Be3 Rab8 14. Na4 Bh3 15. b3 Rbc8 16. Nc5 Qf5 17. Qc2 Qxc2 18. Rxc2 Bf5 19. Rcc1 e5 20. Rfd1 Rfe8 21. Bf3 exd4 22. Bxd4 Bxd4 23. Rxd4 Ng7 24. Ra4 Re7 25. e3 h5 26. h4 Ne6 27. Be2 Nxc5 28. Rxc5 Bd7 29. Rxa7 d4 30. exd4 Rxe2 31. Rxd7 Rxa2 32. d5 Re8 33. Rd6 cxd5 34. Rcxd5 Rb2 35. Rd8 Kf8 36. Rxe8+ Kxe8 37. Rb5 Kd7 38. Rb7+ Ke6 39. Kg2 f6 40. Kf3 g5 41. Rb5 gxh4 42. gxh4 f5 43. Ke3 Rb1 44. Kf4 Rb2 45. f3 Rh2 46. Kg5 Rg2+ 47. Kxh5 Rg8 48. Kh6 Kf6 49. Rb6+ Ke5 50. h5 Kf4 51. Rb5 Rh8+ 52. Kg6 Rg8+ 53. Kf6 Rf8+ 54. Kg7 Rc8 55. h6 Kg5 56. Rb7 f4 57. h7 1-0

[Event "Titled Tuesday intern op 16th May Early"]
[Site "Chess.com INT"]
[Date "2023.05.16"]
[Round "6"]
[White "Kvaloy, Aksel Bu"]
[Black "Aakanksha, Hagawane"]
[Result "1-0"]
[WhiteElo "2321"]
[BlackElo "2149"]
[PlyCount "71"]
[EventDate "2023.05.16"]
[EventType "swiss (blitz)"]
[EventRounds "11"]
[EventCountry "USA"]
[SourceTitle "CBM 214 Extra"]
[Source "ChessBase"]
[SourceDate "2023.07.31"]
[SourceVersion "1"]
[SourceVersionDate "2023.07.31"]
[SourceQuality "1"]

1. e4 e5 2. Nf3 Nc6 3. Nc3 Nf6 4. d4 exd4 5. Nxd4 Bb4 6. Nxc6 bxc6 7. Bd3 d5 8. Bd2 0-0 9. 0-0 Bxc3 10. Bxc3 Nxe4 11. Bxe4 dxe4 12. Qe2 Qh4 13. Rad1 Re8 14. Qe3 Bg4 15. Rd4 Bf5 16. Rfd1 h6 17. b3 Rad8 18. h3 Rxd4 19. Rxd4 Re6 20. Kf1 Kh7 21. Rd7 Rd6 22. Rxf7 Rd1+ 23. Ke2 Qh5+ 24. g4 Qxf7 25. Kxd1 Bg6 26. Ke2 h5 27. Bd4 a6 28. c4 Qe6 29. Qf4 Qe7 30. Ke3 Qh4 31. Qe5 Qxh3+ 32. Kd2 Qd3+ 33. Kc1 Qf1+ 34. Kb2 Kh6 35. g5+ Kh7 36. Qxg7# 1-0

[Event "Titled Tuesday intern op 09th May Early"]
[Site "Chess.com INT"]
[Date "2023.05.09"]
[Round "4"]
[White "Aakanksha, Hagawane"]
[Black "Akkarakaran, John Veny"]
[Result "0-1"]
[WhiteElo "2149"]
[BlackElo "2044"]
[PlyCount "62"]
[EventDate "2023.05.09"]
[EventType "swiss (blitz)"]
[EventRounds "11"]
[EventCountry "USA"]
[SourceTitle "CBM 214 Extra"]
[Source "ChessBase"]
[SourceDate "2023.07.31"]
[SourceVersion "1"]
[SourceVersionDate "2023.07.31"]
[SourceQuality "1"]

1. e4 e6 2. d4 d5 3. Nc3 Nf6 4. e5 Nfd7 5. f4 c5 6. Nf3 Nc6 7. Be3 Be7 8. Qd2 0-0 9. Be2 a6 10. 0-0 b5 11. Nd1 cxd4 12. Nxd4 Nxd4 13. Bxd4 Qc7 14. c3 Nc5 15. Nf2 Bb7 16. Qe3 Ne4 17. Bd3 Nc5 18. Bc2 a5 19. Ng4 Ne4 20. Bxe4 dxe4 21. Nf6+ Kh8 22. Qh3 gxf6 23. exf6 Bc5 24. Rae1 Rg8 25. Re3 Bxd4 26. cxd4 Rg6 27. f5 exf5 28. Rxf5 Qc1+ 29. Rf1 Qd2 30. Kh1 Rag8 31. g3 Qxe3 0-1

[Event "Titled Tuesday intern op 09th May Early"]
[Site "Chess.com INT"]
[Date "2023.05.09"]
[Round "3"]
[White "Aakanksha, Hagawane"]
[Black "Kim, Sergey2222"]
[Result "1-0"]
[WhiteElo "2149"]
[BlackElo "2295"]
[PlyCount "75"]
[EventDate "2023.05.09"]
[EventType "swiss (blitz)"]
[EventRounds "11"]
[EventCountry "USA"]
[SourceTitle "CBM 214 Extra"]
[Source "ChessBase"]
[SourceDate "2023.07.31"]
[SourceVersion "1"]
[SourceVersionDate "2023.07.31"]
[SourceQuality "1"]

1. e4 e5 2. Nf3 Nc6 3. Bb5 a6 4. Ba4 Nf6 5. 0-0 b5 6. Bb3 Bc5 7. c3 d6 8. d4 Bb6 9. h3 h6 10. a4 Bb7 11. Re1 0-0 12. axb5 axb5 13. Rxa8 Bxa8 14. Na3 exd4 15. cxd4 Re8 16. e5 dxe5 17. dxe5 Qxd1 18. Bxd1 Nd7 19. Bf4 Nc5 20. Bc2 Nb4 21. Rd1 Nxc2 22. Nxc2 Be4 23. Ncd4 Nd3 24. Be3 Nxb2 25. Ra1 b4 26. Nd2 Bg6 27. f4 Bd3 28. Kf2 g5 29. g3 Rd8 30. Nc6 Rd7 31. Ra8+ Kh7 32. Bxb6 cxb6 33. Ke3 Bg6 34. Nd4 b5 35. Ne4 Nc4+ 36. Kf3 Rxd4 37. Nf6+ Kg7 38. Rg8# 1-0

[Event "IND-ch (Women) 48th"]
[Site "Hatkanangale"]
[Date "2023.01.02"]
[Round "8"]
[White "Lakshmi, Chidambaram"]
[Black "Aakanksha, Hagawane"]
[Result "0-1"]
[WhiteElo "1974"]
[BlackElo "2202"]
[PlyCount "88"]
[EventDate "2022.12.26"]
[EventType "swiss"]
[EventRounds "11"]
[EventCountry "IND"]
[SourceTitle "CBM 212 Extra"]
[Source "ChessBase"]
[SourceDate "2023.03.31"]
[SourceVersion "1"]
[SourceVersionDate "2023.03.31"]
[SourceQuality "1"]

1. e4 e5 2. Nf3 Nc6 3. Bb5 a6 4. Ba4 Nf6 5. Bxc6 dxc6 6. d3 Bd6 7. Nbd2 h6 8. 0-0 Qe7 9. Nc4 c5 10. a4 Bg4 11. Ne3 Be6 12. c3 Rd8 13. Qc2 0-0 14. Kh1 Ng4 15. h3 Nxe3 16. fxe3 f5 17. exf5 Rxf5 18. e4 Rf7 19. Be3 Rdf8 20. Qe2 Qd7 21. Nh2 Rxf1+ 22. Nxf1 Be7 23. c4 Rd8 24. Ra3 b5 25. axb5 axb5 26. Nd2 b4 27. Ra6 Bf7 28. Ra7 Qxd3 29. Qxd3 Rxd3 30. Rxc7 Bf6 31. Rc8+ Kh7 32. Rc7 Bg8 33. Bxc5 Rxd2 34. Bxb4 Rxb2 35. Bd6 Rc2 36. c5 Bc4 37. Rc8 Ba6 38. Re8 Bf1 39. Kg1 Bxg2 40. Bxe5 Bxe5 41. Rxe5 Bxh3 42. Rh5 Bg4 43. Re5 h5 44. Rd5 Kg6 0-1

[Event "Asian Continental Blitz op (Women) 19th"]
[Site "Delhi"]
[Date "2022.11.03"]
[Round "4"]
[White "Aakanksha, Hagawane"]
[Black "Enkhtuul, Altanulzii"]
[Result "1-0"]
[WhiteElo "2162"]
[BlackElo "2302"]
[PlyCount "149"]
[EventDate "2022.11.03"]
[EventType "swiss (blitz)"]
[EventRounds "9"]
[EventCountry "IND"]
[SourceTitle "EXT 2024"]
[Source "ChessBase"]
[SourceDate "2023.10.10"]
[SourceVersion "1"]
[SourceVersionDate "2023.10.10"]
[SourceQuality "1"]

1. e4 c6 2. Nc3 d5 3. Nf3 dxe4 4. Nxe4 Nf6 5. Nxf6+ exf6 6. d4 Bf5 7. Bc4 Bd6 8. 0-0 0-0 9. c3 Nd7 10. h3 Nb6 11. Bd3 Bxd3 12. Qxd3 Re8 13. b3 c5 14. c4 cxd4 15. Qxd4 Qc7 16. Be3 Rad8 17. Qh4 Nd7 18. Rad1 Nf8 19. Nd4 Ng6 20. Qg4 a6 21. Nf5 Bf8 22. h4 Ne5 23. Qg3 Kh8 24. Bf4 Qc8 25. Ne3 Nd3 26. Bc7 Rd7 27. Nd5 Ne5 28. Nb6 Qxc7 29. Nxd7 Bd6 30. Nxe5 fxe5 31. Rfe1 f6 32. Qd3 Bb4 33. Re2 Rc8 34. Qd7 h6 35. Qxc7 Rxc7 36. Re3 Bc5 37. Red3 Bd4 38. Kf1 b5 39. Rc1 Rc5 40. Ke2 b4 41. Rcd1 Ra5 42. R1d2 Kg8 43. f4 Kf7 44. fxe5 fxe5 45. Rf3+ Ke6 46. Kd3 Rc5 47. Ke4 Rc8 48. g4 a5 49. h5 Re8 50. Rf5 Rc8 51. Rd1 a4 52. Rdf1 axb3 53. axb3 Ra8 54. Rf7 Ra2 55. Rxg7 Re2+ 56. Kd3 Re3+ 57. Kd2 Rxb3 58. Rg6+ Ke7 59. Rff6 Rb2+ 60. Kd3 Rb3+ 61. Ke4 Re3+ 62. Kd5 b3 63. Re6+ Kf7 64. Rgf6+ Kg7 65. Rf1 b2 66. Rg6+ Kh7 67. Rf7+ Kh8 68. Rb7 Rf3 69. Rxh6+ Kg8 70. Rg6+ Kf8 71. h6 Rf7 72. Rb8+ Ke7 73. Rg7 e4 74. Rxf7+ Kxf7 75. Kxd4 1-0

[Event "Asian Continental Blitz op (Women) 19th"]
[Site "Delhi"]
[Date "2022.11.03"]
[Round "8"]
[White "Aakanksha, Hagawane"]
[Black "Lakshmi, Chidambaram"]
[Result "0-1"]
[WhiteElo "2162"]
[BlackElo "1956"]
[PlyCount "132"]
[EventDate "2022.11.03"]
[EventType "swiss (blitz)"]
[EventRounds "9"]
[EventCountry "IND"]
[SourceTitle "EXT 2024"]
[Source "ChessBase"]
[SourceDate "2023.10.10"]
[SourceVersion "1"]
[SourceVersionDate "2023.10.10"]
[SourceQuality "1"]

1. d4 Nf6 2. Nf3 e6 3. e3 b6 4. Bd3 Bb7 5. 0-0 c5 6. b3 d5 7. Nbd2 Nc6 8. a3 cxd4 9. exd4 Bd6 10. Bb2 0-0 11. Qe2 Nh5 12. g3 Nf6 13. Ne5 Ne7 14. Ndf3 Nf5 15. Rad1 Be7 16. c4 Rc8 17. Rfe1 Ne4 18. Nd2 Nfd6 19. Nxe4 dxe4 20. Bb1 f6 21. Ng4 Qc7 22. Ne3 f5 23. d5 Qd7 24. dxe6 Qxe6 25. Nd5 Bg5 26. h4 Bh6 27. Qh5 Nf7 28. Ne3 g6 29. Qe2 Ne5 30. Bxe5 Qxe5 31. Rd7 Rc7 32. Red1 Rf7 33. Rd8+ Kg7 34. Nd5 Rcd7 35. Ne3 Rxd1+ 36. Qxd1 Qe6 37. b4 f4 38. Qd4+ Qf6 39. Qxf6+ Rxf6 40. Ng4 Rf7 41. Nxh6 Kxh6 42. g4 e3 43. Kf1 Bf3 44. fxe3 fxe3 45. g5+ Kg7 46. Ke1 h6 47. Re8 e2 48. gxh6+ Kxh6 49. Re6 Rd7 50. Bc2 Kh5 51. Bxg6+ Kxh4 52. Kf2 Bg4 53. Re4 Kg5 54. Be8 Rd1 55. Rxe2 Bxe2 56. Kxe2 Ra1 57. a4 Rb1 58. Kd2 Rxb4 59. Bb5 Kf6 60. Kc2 Ke5 61. Kc3 a5 62. Kc2 Kd4 63. Kd2 Rxc4 64. Bxc4 Kxc4 65. Kc2 Kb4 66. Kb2 Kxa4 0-1

[Event "Asian Continental Blitz op (Women) 19th"]
[Site "Delhi"]
[Date "2022.11.03"]
[Round "5"]
[White "Kairbekova, Amina"]
[Black "Aakanksha, Hagawane"]
[Result "1/2-1/2"]
[WhiteElo "2212"]
[BlackElo "2162"]
[PlyCount "167"]
[EventDate "2022.11.03"]
[EventType "swiss (blitz)"]
[EventRounds "9"]
[EventCountry "IND"]
[SourceTitle "EXT 2024"]
[Source "ChessBase"]
[SourceDate "2023.10.10"]
[SourceVersion "1"]
[SourceVersionDate "2023.10.10"]
[SourceQuality "1"]

1. e4 e5 2. Nf3 Nc6 3. Nc3 g6 4. d4 exd4 5. Nxd4 Bg7 6. Be3 Nge7 7. Bc4 0-0 8. 0-0 a6 9. a4 d6 10. a5 Ne5 11. Be2 d5 12. f4 N5c6 13. exd5 Nxd5 14. Nxd5 Nxd4 15. Bxd4 Qxd5 16. Bxg7 Qxd1 17. Raxd1 Kxg7 18. Bf3 c6 19. Rd4 Bf5 20. c3 Rad8 21. Rfd1 Rxd4 22. Rxd4 Re8 23. Kf2 h5 24. g3 Kf6 25. Rd6+ Ke7 26. Rd4 Be6 27. b4 Rc8 28. Ke3 c5 29. Rd2 cxb4 30. cxb4 Rc3+ 31. Rd3 Rc7 32. Be4 Rc4 33. Rd4 Rc3+ 34. Rd3 Rc4 35. Rd4 Rc3+ 36. Kd2 Rc7 37. Kd3 Bd7 38. Bd5 Bf5+ 39. Ke3 Rc3+ 40. Ke2 Rc2+ 41. Rd2 Bg4+ 42. Ke3 Rc3+ 43. Rd3 Rc7 44. Bg2 Bf5 45. Rb3 Be6 46. Rb2 Bd7 47. Kd4 Bc6 48. Re2+ Kd8 49. Bxc6 Rxc6 50. Rb2 Kc7 51. Ke5 Re6+ 52. Kd5 Rd6+ 53. Ke4 Kc6 54. Rc2+ Kd7 55. Ke5 Re6+ 56. Kd4 Rd6+ 57. Ke4 Re6+ 58. Kf3 Rc6 59. Rd2+ Rd6 60. Rc2 Rd4 61. Rb2 Kc6 62. Ke3 Rd7 63. h3 Kb5 64. g4 hxg4 65. hxg4 b6 66. axb6 Kxb6 67. g5 Kb5 68. Ke4 Re7+ 69. Kd5 Re3 70. Rb1 Re6 71. Rb2 Re3 72. Rb1 Re6 73. Kd4 Re7 74. Kd5 Re6 75. Rb2 Re3 76. Ra2 Re6 77. Rb2 Re3 78. Rb1 Re6 79. Kd4 Rd6+ 80. Ke5 Re6+ 81. Kd5 Re3 82. Ra1 Re6 83. Rb1 Re3 84. Rb2 1/2-1/2

[Event "Asian Continental op (Women) 19th"]
[Site "Delhi"]
[Date "2022.10.31"]
[Round "6"]
[White "Aakanksha, Hagawane"]
[Black "Isha, Sharma"]
[Result "1/2-1/2"]
[WhiteElo "2162"]
[BlackElo "2234"]
[PlyCount "62"]
[EventDate "2022.10.26"]
[EventType "swiss"]
[EventRounds "9"]
[EventCountry "IND"]
[SourceTitle "EXT 2024"]
[Source "ChessBase"]
[SourceDate "2023.10.10"]
[SourceVersion "1"]
[SourceVersionDate "2023.10.10"]
[SourceQuality "1"]

1. e4 e5 2. Nf3 Nc6 3. Bb5 a6 4. Ba4 Nf6 5. 0-0 Be7 6. Re1 b5 7. Bb3 d6 8. c3 0-0 9. d4 Bg4 10. Be3 exd4 11. cxd4 d5 12. e5 Ne4 13. Nc3 Nxc3 14. bxc3 Bh5 15. h3 Na5 16. Bc2 Nc4 17. g4 Bg6 18. Bf5 b4 19. Qd3 a5 20. Re2 Rb8 21. Bf4 Rb6 22. Nd2 Bxf5 23. gxf5 Bg5 24. Qg3 Bxf4 25. Qxf4 Nxd2 26. Rxd2 bxc3 27. Rc2 Rh6 28. Rxc3 Qh4 29. Qxh4 Rxh4 30. Rd1 Rc8 31. Kg2 Rf4 1/2-1/2

[Event "Titled Tuesday intern op 27th Sep Early"]
[Site "Chess.com INT"]
[Date "2022.09.27"]
[Round "4"]
[White "Aakanksha, Hagawane"]
[Black "Korchmar, Vasiliy"]
[Result "1-0"]
[WhiteElo "2162"]
[BlackElo "2438"]
[PlyCount "191"]
[EventDate "2022.09.27"]
[EventType "swiss (blitz)"]
[EventRounds "11"]
[EventCountry "USA"]
[SourceTitle "CBM 210 Extra"]
[Source "ChessBase"]
[SourceDate "2022.11.30"]
[SourceVersion "1"]
[SourceVersionDate "2022.11.30"]
[SourceQuality "1"]

1. e4 c5 2. Nf3 d6 3. Bb5+ Nd7 4. 0-0 a6 5. Bd3 Ngf6 6. Re1 e6 7. c3 b5 8. Bc2 Bb7 9. d4 Be7 10. Nbd2 0-0 11. Nf1 Qc7 12. Bd2 Rfc8 13. Rc1 a5 14. Ng3 b4 15. Qe2 cxd4 16. cxd4 Qd8 17. e5 Nd5 18. Qe4 Nf8 19. Qg4 a4 20. Bg5 a3 21. bxa3 bxa3 22. Nh5 Ng6 23. h4 Rc3 24. Be4 Rac8 25. Rxc3 Rxc3 26. Ng3 dxe5 27. h5 Nf8 28. dxe5 Bxg5 29. Nxg5 h6 30. Nf3 Qc7 31. Kh2 Rc1 32. Bd3 Rxe1 33. Nxe1 Qxe5 34. Nf3 Qf4 35. Qxf4 Nxf4 36. Bb1 Bxf3 37. gxf3 Nd7 38. Ne4 Nb6 39. Nd6 Nbd5 40. Nb5 Nxh5 41. Nxa3 Nc3 42. Bd3 Nxa2 43. Nb5 Nb4 44. Bb1 Nf4 45. Kg3 g5 46. Nd4 Nbd5 47. Be4 Kg7 48. Bb1 Nc3 49. Bc2 Nce2+ 50. Nxe2 Nxe2+ 51. Kg4 Nd4 52. Bd3 Nc6 53. Kg3 e5 54. Be4 Ne7 55. Bb1 f5 56. Bc2 Kf6 57. Bd3 Nd5 58. Bb1 Nf4 59. Bc2 h5 60. Bb1 h4+ 61. Kh2 Ne2 62. Bd3 Nd4 63. Kg2 Ne6 64. Kh2 g4 65. fxg4 fxg4 66. Be4 Kg5 67. Bd5 Nd4 68. Bb7 Kf4 69. Bd5 Nf3+ 70. Kg2 h3+ 71. Kh1 Ng5 72. Bb7 e4 73. Bc8 Nf3 74. Bxg4 h2 75. Bc8 Ke5 76. Bb7 Kd4 77. Ba8 Kd3 78. Bb7 Kd4 79. Bc6 Ke5 80. Bb7 Kf4 81. Bc6 Nd4 82. Bxe4 Kxe4 83. Kxh2 Kf3 84. Kh3 Ke2 85. f4 Ne6 86. f5 Nf8 87. f6 Nd7 88. Kg4 Nf8 89. Kf5 Nd7 90. Ke6 Nf8+ 91. Ke7 Nh7 92. f7 Kf3 93. Ke6 Nf8+ 94. Kf6 Nd7+ 95. Ke7 Ne5 96. f8Q+ 1-0

[Event "Titled Tuesday intern op 07th Jun Early"]
[Site "Chess.com INT"]
[Date "2022.06.07"]
[Round "4"]
[White "Agibileg, Uurtsaikh"]
[Black "Aakanksha, Hagawane"]
[Result "1-0"]
[WhiteElo "2441"]
[BlackElo "2162"]
[PlyCount "57"]
[EventDate "2022.06.07"]
[EventType "swiss (blitz)"]
[EventRounds "11"]
[EventCountry "USA"]
[SourceTitle "CBM 208 Extra"]
[Source "ChessBase"]
[SourceDate "2022.07.31"]
[SourceVersion "1"]
[SourceVersionDate "2022.07.31"]
[SourceQuality "1"]

1. d4 Nf6 2. c4 c5 3. d5 e6 4. Nc3 exd5 5. cxd5 d6 6. e4 g6 7. Bd3 Bg7 8. h3 0-0 9. Nf3 b5 10. Nxb5 Re8 11. 0-0 Nxe4 12. Bxe4 Rxe4 13. Bg5 Qb6 14. Nc3 Bxc3 15. bxc3 Ba6 16. Re1 Rxe1+ 17. Qxe1 Nd7 18. Qe7 Nf8 19. Re1 Bc4 20. Qf6 Nd7 21. Qe7 Nf8 22. Qe4 Bxa2 23. Bh6 Qd8 24. c4 Rb8 25. Qc2 Bb3 26. Qc3 f6 27. Rb1 Ba4 28. Rxb8 Qxb8 29. Qxf6 1-0

[Event "Speed Chess (Women) Q2"]
[Site "Chess.com INT"]
[Date "2022.05.26"]
[Round "1"]
[White "Aakanksha, Hagawane"]
[Black "Mirza, Diana"]
[Result "1-0"]
[WhiteElo "2162"]
[BlackElo "1906"]
[PlyCount "75"]
[EventDate "2022.05.26"]
[EventType "swiss (blitz)"]
[EventRounds "14"]
[EventCountry "USA"]
[SourceTitle "CBM 208 Extra"]
[Source "ChessBase"]
[SourceDate "2022.07.31"]
[SourceVersion "1"]
[SourceVersionDate "2022.07.31"]
[SourceQuality "1"]

1. d4 Nf6 2. Nf3 g6 3. e3 Bg7 4. Bd3 0-0 5. 0-0 d6 6. b3 e5 7. dxe5 dxe5 8. Nxe5 Nd5 9. Bb2 Nb4 10. a3 Nxd3 11. Qxd3 Qg5 12. f4 Qe7 13. Nd2 Be6 14. Ndf3 Na6 15. e4 Rad8 16. Qe2 Nc5 17. Rad1 Rd6 18. Nd3 Bxb2 19. Nxb2 Rfd8 20. e5 Rxd1 21. Rxd1 Rxd1+ 22. Qxd1 Ne4 23. Qd4 Bf5 24. Nd3 c5 25. Qd5 Nc3 26. Qxc5 Ne2+ 27. Kf2 Qxc5+ 28. Nxc5 Nxf4 29. g3 Nd5 30. c4 Nc3 31. Nxb7 Nd1+ 32. Ke2 Nc3+ 33. Ke3 Nd1+ 34. Kd4 Nf2 35. Nd6 Bc2 36. b4 Ng4 37. c5 Nxh2 38. Nxh2 1-0

[Event "Speed Chess (Women) Q2"]
[Site "Chess.com INT"]
[Date "2022.05.26"]
[Round "7"]
[White "Bodnaruk, Anastasia"]
[Black "Aakanksha, Hagawane"]
[Result "0-1"]
[WhiteElo "2396"]
[BlackElo "2162"]
[PlyCount "96"]
[EventDate "2022.05.26"]
[EventType "swiss (blitz)"]
[EventRounds "14"]
[EventCountry "USA"]
[SourceTitle "CBM 208 Extra"]
[Source "ChessBase"]
[SourceDate "2022.07.31"]
[SourceVersion "1"]
[SourceVersionDate "2022.07.31"]
[SourceQuality "1"]

1. e4 e6 2. d4 d5 3. e5 c5 4. c3 Nc6 5. Nf3 Qb6 6. Bd3 Bd7 7. 0-0 cxd4 8. a3 dxc3 9. Nxc3 Nge7 10. b4 a6 11. Re1 Ng6 12. h4 Be7 13. g3 Ngxe5 14. Rxe5 Nxe5 15. Nxe5 Qd4 16. Nxf7 Qxc3 17. Nxh8 Qxa1 18. Bxh7 0-0-0 19. Nf7 Rf8 20. Ng5 Bd6 21. Kg2 Kb8 22. Ne4 Bc7 23. Nc5 Bc6 24. Nxe6 d4+ 25. Kg1 Bf3 26. Qf1 Rc8 27. Nxc7 Rxc7 28. Bf4 Qxa3 29. Qc4 Qa1+ 30. Qf1 Qxf1+ 31. Kxf1 Kc8 32. Bf5+ Kd8 33. Bxc7+ Kxc7 34. Ke1 Kc6 35. Bd3 Kd5 36. Kd2 Be4 37. Bxe4+ Kxe4 38. g4 b6 39. Ke2 a5 40. bxa5 bxa5 41. h5 a4 42. g5 Kf5 43. h6 gxh6 44. gxh6 Kg6 45. Kd3 a3 46. Kc2 d3+ 47. Kxd3 a2 48. h7 Kxh7 0-1

[Event "Speed Chess (Women) Q2"]
[Site "Chess.com INT"]
[Date "2022.05.26"]
[Round "2"]
[White "Maltsevskaya, Aleksandra"]
[Black "Aakanksha, Hagawane"]
[Result "1-0"]
[WhiteElo "2396"]
[BlackElo "2162"]
[PlyCount "67"]
[EventDate "2022.05.26"]
[EventType "swiss (blitz)"]
[EventRounds "14"]
[EventCountry "USA"]
[SourceTitle "CBM 208 Extra"]
[Source "ChessBase"]
[SourceDate "2022.07.31"]
[SourceVersion "1"]
[SourceVersionDate "2022.07.31"]
[SourceQuality "1"]

1. Nf3 Nf6 2. d3 c5 3. Nbd2 d5 4. g3 Nc6 5. Bg2 g6 6. 0-0 Bg7 7. e4 0-0 8. exd5 Nxd5 9. Nc4 b5 10. Ne3 Bb7 11. a4 a6 12. Nxd5 Qxd5 13. Nd2 Qd8 14. Nb3 Na5 15. Bxb7 Nxb7 16. Qf3 Qc7 17. axb5 axb5 18. Rxa8 Rxa8 19. Nxc5 Qxc5 20. Qxb7 Rd8 21. c3 h5 22. d4 Qc4 23. Qxe7 Ra8 24. Re1 Bf8 25. Qd7 Ra1 26. Qe8 b4 27. Bd2 Rxe1+ 28. Qxe1 b3 29. Qe8 Kg7 30. Bf4 f6 31. Bh6+ Kxh6 32. Qxf8+ Kg5 33. h4+ Kg4 34. Qxf6 1-0